|
|
|
|
| LEADER |
01054nam a2200289 a 4500 |
| 001 |
4749 |
| 003 |
BD-DhAAL |
| 005 |
20150917093119.0 |
| 008 |
150917s1994 nyua b 001 0 eng |
| 010 |
|
|
|a 94019244
|
| 020 |
|
|
|a 0712605673
|
| 020 |
|
|
|a 0517599236 :
|c $15.00
|
| 040 |
|
|
|a DLC
|c DLC
|d DLC
|d BD-DhAAL
|
| 050 |
0 |
0 |
|a RC548
|b .C47 1994
|
| 082 |
0 |
0 |
|a 616.8/498
|2 20
|
| 100 |
1 |
|
|a Chopra, Deepak.
|9 14732
|
| 245 |
1 |
0 |
|a Restful sleep :
|b the complete mind-body program for overcoming insomnia /
|c Deepak Chopra.
|
| 260 |
|
|
|a New York :
|a London :
|b Harmony Books,
|b Rider,
|c c1994.
|
| 300 |
|
|
|a 134 p. :
|b ill. ;
|c 20 cm.
|
| 504 |
|
|
|a Includes bibliographical references(p. 217) and index.
|
| 541 |
|
|
|e 4749
|
| 650 |
|
0 |
|a Insomnia
|x Treatment.
|9 14733
|
| 650 |
|
0 |
|a Insomnia
|x Popular works.
|9 14734
|
| 650 |
|
0 |
|a Medicine, Ayurvedic.
|9 55
|
| 942 |
|
|
|2 ddc
|c BK
|
| 999 |
|
|
|c 35574
|d 35574
|
| 952 |
|
|
|0 0
|1 0
|2 ddc
|4 0
|6 616_800000000000000_498_CHO
|7 0
|9 55948
|a SCL
|b SCL
|c GEN
|d 2015-09-17
|g 460.00
|l 4
|m 21
|o 616.8498 CHO
|p 3020004749
|r 2020-03-10
|s 2020-01-18
|t 1
|w 2015-09-17
|y BK
|